000 01096cab a2200313 4500
001 ABS49777
008 090401t1993 xxu||||| |||| 00| 0 eng d
035 _a(Sirsi) u72719
041 _aeng
100 _aCutler, J.
245 _aSupermarkets ring up change
260 _c1993
350 _a0
490 _aBuilding Market Report
_vDecember 1993, 6-9(3)
520 _aSpeculates on the likely impact of changing shopping habits on the demand for new construction in the retail sector. Anticipates a strong revival in demand for shopping centres and retail warehouse parks, steady building programmes by the `big four` supermarket chains, and an increase in competition by foreign firm for the discount market.
650 _aALDI
650 _aCONSTRUCTION MARKET
650 _aCOSTCO
650 _aDISCOUNT STORES
650 _aFORECASTS
650 _aNETTO
650 _aOUTPUT
650 _aRETAIL DEVELOPMENT
650 _aRETAIL SECTOR
650 _aWAREHOUSE CLUBS
690 _aPROPERTY-COMMERCIAL PROPERTY-RETAIL PROPERTY
942 _n0
948 _c04/03/1997
999 _c45960
_d45960